| 000 | 00978cam a22003015a 4500 | ||
|---|---|---|---|
| 001 | 015474527 | ||
| 003 | OSt | ||
| 005 | 20201128021352.0 | ||
| 008 | 100121t2011 maua frb 001 0 eng d | ||
| 020 | _a9780131379985 (pbk.) | ||
| 020 | _a0131379984 (pbk.) | ||
| 040 |
_aStDuBDS _beng _cStDuBDS _dUk _dEG-ScBUE |
||
| 082 | 0 | 4 |
_a330.015195 _222 _bSTU |
| 100 | 1 |
_aStudenmund, A. H. _938328 |
|
| 245 | 1 | 0 |
_aUsing econometrics : _ba practical guide / _cA. H. Studenmund. |
| 250 | _a6th ed., International ed. | ||
| 260 |
_aBoston : _bPearson, _cc.2011. |
||
| 300 |
_axvii, 616 p. : _bill. (some col.) ; _c24 cm. |
||
| 500 | _aPrevious ed.: Boston, Mass.: London; Pearson/Addison-Wesley, 2006. | ||
| 500 | _aIndex : p. 599-616. | ||
| 504 | _aIncludes bibliographical references. | ||
| 650 | 0 |
_aEconometrics. _2BUEsh |
|
| 651 | _2BUEsh | ||
| 653 |
_bBUSECO _cJune2015 _cAugust2015 |
||
| 655 |
_vreading book _934232 |
||
| 650 | 0 |
_9712 _aRegression analysis _2BUEsh |
|
| 942 | _2ddc | ||
| 999 |
_c19997 _d19969 |
||